International medical case reports journal

Bibliographic Details
Format: Electronic Journal
Language:English
Published: [Auckland, N.Z.] : Dove Medical Press
Subjects:
Online Access:Full text available from Research Library: 01/01/2008 to present

MARC

LEADER 00000nas a2200000 a 4500
001 ssj0000392717
003 WaSeSS
005 20200512172242.0
006 m d
007 cr n
008 081121c20089999nz uu p s 0 0eng c
010 |a  2010256070 
016 7 |a 994233531  |2 DE-101 
016 7 |a 2495077-4  |2 DE-600 
016 7 |a 101566269  |2 DNLM 
022 |a 1179-142X  |l 1179-142X 
035 |a (WaSeSS)ssj0000392717 
040 |a NZ1  |b eng  |c NZ1  |d OCLCQ  |d RBN  |d DEBBG  |d GWDNB  |d NLM  |d CUS  |d OCLCQ  |d CUS  |d OCLCQ  |d OCLCF  |d OCLCO  |d EUW  |d OCLCO  |d OCLCQ  |d OCLCO  |d OCLCQ  |d CASUM  |d OCLCO  |d OCLCQ  |d OCLCO  |d OCLCA  |d APAHS  |d LND  |d WT2  |d OCLCQ  |d OCLCA  |d OCLCQ  |d AU@  |d OCLCA  |d OCLCQ  |d OCLCA  |d OCLCO  |d WaSeSS 
042 |a pcc 
050 1 4 |a RC66 
060 1 0 |a W1 
082 0 4 |a 610.5  |2 22 
210 1 |a Int. med. rep. j. 
222 0 |a International medical case reports journal 
245 0 0 |a International medical case reports journal  |h [electronic resource]. 
260 |a [Auckland, N.Z.] :  |b Dove Medical Press 
362 1 |a Began with v. 1 (2008). 
500 |a Archived by the National Library of New Zealand. 
506 |a License restrictions may limit access. 
515 |a Articles added irregularly during the year and collected into annual issues. 
588 0 |a First issue; title from journal home page (viewed May 26, 2009). 
588 1 |a 2011:4 (viewed Oct. 5, 2011). 
650 0 |a Medicine  |v Case studies  |v Periodicals. 
650 7 |a Medicine.  |2 fast  |0 (OCoLC)fst01014893 
650 1 2 |a Medicine. 
655 0 |a Electronic journals. 
856 4 0 |z Full text available from Research Library: 01/01/2008 to present  |u https://search.proquest.com/publication/3933138